=LDR 00000nam 2200000 4500 =001 INLIS000000000019822 =005 20130612114837 =008 ***********************************Ind** =035 ##$$0010-061300000019822 =041 ##$$a Ind =082 ##$$a 540.107 =090 ##$$a 540.107, Sus s =100 ##$$a Susilowati, Endang =245 ##$$a Sains kimia, prinsip dan terapannya, Endang Susilowati =260 ##$$a 2005 $b Solo =300 ##$$a ...jil, ilus, 25 cm =650 ##$$a Kimia =850 ##$$a NBPNMAT